| 000 | 01009nam a2200265Ia 4500 | ||
|---|---|---|---|
| 003 | OSt | ||
| 005 | 20220923211453.0 | ||
| 006 | a|||||r|||| 00| 0 | ||
| 007 | ta | ||
| 008 | 220922b |||||||| |||| 00| 0 hin d | ||
| 020 |
_a9789350726228 (hbk) _c4000 |
||
| 024 | _a288,225 | ||
| 037 |
_b310, 21/01/2016, Vani Prakashan _cTextual |
||
| 040 |
_aARTS _cARTS _bhin |
||
| 041 |
_2hin _ahin |
||
| 082 | _aO152:gN, Q4.1-.3 | ||
| 100 | _aदुबे, अभय कुमार, संपा. | ||
| 245 | 0 |
_aहिन्दी आधुनिकता _b एक पुनर्विचार |
|
| 246 | _aHindī ādhunikatā: ek punarvichāra. | ||
| 260 |
_aनयी दिल्ली _b वाणी प्रकाशन _c2014 |
||
| 490 | _vखण्ड 1 | ||
| 650 |
_aहिन्दी साहित्य _9156264 |
||
| 942 |
_hO152:gN, Q4.1-.3 _cTEXL _2CC |
||
| 999 |
_c299865 _d299865 |
||